00869nam a22002177a 450000500170000001000150001702000260003203500130005803700130007108200150008424500880009926000300018727000480021730000320026550000420029752001010033965000760044065000670051665000500058370000180063320150713130527.0 aENG-113105 a9789380574059c650.00 aEN-96637 bDBAD/PUB a634.920954 aInstitutions, livelihood and natural resource management / cedited by Kailas Sarap aNew DelhibBookwellc2010 a3/79, Nirankari Colony, bNew Delhie110009 axix,295p. :c23cm(Hb)b1map a Includes bibliographical references. aPapers presented at the two seminars organized by P.G. Dept. of Economics, Sambalpur University. a Biodiversity conservationzIndia xCitizen participationvCongresses. aForest management zIndiaxCitizen participation vCongresses. a Forest peoplexEcology z IndiavCongresses. aSarap, Kailas